000 00652nam a2200205Ii 4500
003 JO-AjNU
008 230605s9999||||xx |||||||||||||| ||und||
017 _a1975/4469
040 _aJO-AjNU
_bara
_erda
_cJO-AjNU
041 _aara
050 1 4 _aBP163.W2 1975
100 3 _aوهبة، توفيق علي,
_eauthor
_99750
245 0 0 _aالإسلام شريعة الحياة
264 3 1 _aالقاهرة: الهيئة المصرية العامة للكتاب، 1975
300 _a215ص
336 _atext
_btxt
_2rdacontent
337 _aunmediated
_bn
_2rdamedia
338 _avolume
_bnc
_2rdacarrier
650 4 _aالاسلام- متفرقات
_99751
999 _aA1459
_c5027
_d5027